<?xml version="1.0" encoding="UTF-8"?>
<record
    xmlns:xsi="http://www.w3.org/2001/XMLSchema-instance"
    xsi:schemaLocation="http://www.loc.gov/MARC21/slim http://www.loc.gov/standards/marcxml/schema/MARC21slim.xsd"
    xmlns="http://www.loc.gov/MARC21/slim">

  <leader>00693nam a22002177c 4500</leader>
  <controlfield tag="003">OSt</controlfield>
  <controlfield tag="005">20171115165004.0</controlfield>
  <controlfield tag="008">171115s2016    sp a   | |||| 000 0bcat d</controlfield>
  <datafield tag="017" ind1=" " ind2=" ">
    <subfield code="a">V 1680-2016</subfield>
  </datafield>
  <datafield tag="020" ind1=" " ind2=" ">
    <subfield code="a">9788416260218</subfield>
  </datafield>
  <datafield tag="040" ind1=" " ind2=" ">
    <subfield code="a">SpMaBN</subfield>
    <subfield code="b">spa</subfield>
    <subfield code="c">CDMR</subfield>
  </datafield>
  <datafield tag="100" ind1="1" ind2=" ">
    <subfield code="a">Montero, Francesc</subfield>
    <subfield code="d">1981-</subfield>
  </datafield>
  <datafield tag="245" ind1="1" ind2="0">
    <subfield code="a">Manuel Brunet </subfield>
    <subfield code="b">: el periodisme d'idees a l'ull de l'hurac&#xE0; /</subfield>
    <subfield code="c">Francesc Montero i Aulet</subfield>
  </datafield>
  <datafield tag="260" ind1=" " ind2=" ">
    <subfield code="a">Catarroja, Pa&#xED;s Val&#xE8;ncia</subfield>
    <subfield code="b">Afers</subfield>
    <subfield code="c">2016</subfield>
  </datafield>
  <datafield tag="300" ind1=" " ind2=" ">
    <subfield code="a">368 p.</subfield>
    <subfield code="b">il.</subfield>
    <subfield code="c">22 cm</subfield>
  </datafield>
  <datafield tag="504" ind1=" " ind2=" ">
    <subfield code="a">Bibliografia: p. 345-361. &#xCD;ndex</subfield>
  </datafield>
  <datafield tag="600" ind1="1" ind2="0">
    <subfield code="a">Brunet, Manuel</subfield>
    <subfield code="d">1889-1956</subfield>
    <subfield code="x">Biograf&#xED;es</subfield>
    <subfield code="2">embne</subfield>
    <subfield code="9">531</subfield>
  </datafield>
  <datafield tag="650" ind1=" " ind2="4">
    <subfield code="9">3139</subfield>
    <subfield code="a">Periodistes catalans</subfield>
    <subfield code="v">Biografia</subfield>
  </datafield>
  <datafield tag="942" ind1=" " ind2=" ">
    <subfield code="c">MON</subfield>
    <subfield code="2">udc</subfield>
  </datafield>
  <datafield tag="956" ind1=" " ind2=" ">
    <subfield code="a">2</subfield>
  </datafield>
  <datafield tag="999" ind1=" " ind2=" ">
    <subfield code="c">7076</subfield>
    <subfield code="d">7076</subfield>
  </datafield>
  <datafield tag="952" ind1=" " ind2=" ">
    <subfield code="0">0</subfield>
    <subfield code="1">0</subfield>
    <subfield code="4">0</subfield>
    <subfield code="7">0</subfield>
    <subfield code="a">CDMR</subfield>
    <subfield code="b">CDMR</subfield>
    <subfield code="d">2017-11-15</subfield>
    <subfield code="e">Intercanvi</subfield>
    <subfield code="g">28.00</subfield>
    <subfield code="l">2</subfield>
    <subfield code="m">2</subfield>
    <subfield code="o">Du 1/131</subfield>
    <subfield code="p">CDMR17111256</subfield>
    <subfield code="r">2018-01-29</subfield>
    <subfield code="s">2017-11-27</subfield>
    <subfield code="v">28.00</subfield>
    <subfield code="w">2017-11-15</subfield>
    <subfield code="y">MON</subfield>
  </datafield>
</record>
